[Event "Jacques Jaudran mem prel2 corr"]
[Site "France AJEC"]
[Date "2000.??.??"]
[Round "?"]
[White "David, Maurice"]
[Black "Doudon, Marc"]
[Result "0-1"]
[WhiteElo "1900"]
[BlackElo "2166"]
[PlyCount "80"]
[EventDate "2000.11.15"]
[EventType "swiss (corr)"]
[EventRounds "8"]
[EventCountry "FRA"]
[SourceTitle "Corr 2004"]
[Source "ChessBase"]
[SourceDate "2003.04.28"]
[SourceVersion "3"]
[SourceVersionDate "2003.04.28"]
[SourceQuality "1"]

1. c4 Nf6 2. Nc3 e6 3. d4 Bb4 4. Bd2 d5 5. a3 Bxc3 6. Bxc3 dxc4 7. e3 b5 8. Nf3 Ne4 9. Bb4 a5 10. Bc3 0-0 11. Qc2 Bb7 12. Be2 Nd7 13. 0-0 c5 14. dxc5 Ndxc5 15. Nd4 Qd5 16. Bf3 Nd3 17. Rfd1 b4 18. axb4 axb4 19. Be1 Nxe1 20. Rxe1 c3 21. bxc3 bxc3 22. Red1 Rxa1 23. Rxa1 Qe5 24. Bxe4 Qxe4 25. Qxe4 Bxe4 26. f3 Bd3 27. Kf2 Rc8 28. Ke1 Kf8 29. Nb3 Ke7 30. Nc1 Bg6 31. Kf2 Kd6 32. Ke2 Kc5 33. Ra4 Rd8 34. Nb3+ Kb5 35. Rd4 Rxd4 36. Nxd4+ Kc4 37. g4 e5 38. Nc6 f6 39. e4 Be8 40. Ne7 Kb3 0-1

[Event "Jacques Jaudran mem prel2 corr"]
[Site "France AJEC"]
[Date "2000.??.??"]
[Round "?"]
[White "David, Maurice"]
[Black "Fleury, Francois"]
[Result "0-1"]
[WhiteElo "1900"]
[BlackElo "2017"]
[PlyCount "82"]
[EventDate "2000.11.15"]
[EventType "swiss (corr)"]
[EventRounds "8"]
[EventCountry "FRA"]
[SourceTitle "Corr 2004"]
[Source "ChessBase"]
[SourceDate "2003.04.28"]
[SourceVersion "3"]
[SourceVersionDate "2003.04.28"]
[SourceQuality "1"]

1. c4 e6 2. Nc3 d5 3. cxd5 exd5 4. Nf3 Nf6 5. d4 c6 6. Bg5 Be7 7. e3 0-0 8. Bd3 Bg4 9. Qc2 Nbd7 10. h3 Bh5 11. 0-0 Bxf3 12. gxf3 Re8 13. Kh1 Nf8 14. Rg1 Ng6 15. Rg2 Kh8 16. Rag1 Rg8 17. f4 Ne8 18. Bxe7 Qxe7 19. Qe2 Nf6 20. Bxg6 fxg6 21. Rg5 Rae8 22. Re5 Qf7 23. Qc2 Rgf8 24. Rgg5 Rd8 25. Rg2 Ne8 26. f5 gxf5 27. Ne2 Nd6 28. Nf4 Nc4 29. Ne6 Nxe5 30. Nxd8 Rxd8 31. dxe5 f4 32. Qc5 b6 33. Qc3 fxe3 34. Qxe3 d4 35. Qd2 Qf5 36. f4 Qxh3+ 37. Kg1 c5 38. Qe1 Qf5 39. Qg3 g6 40. Qh4 Rf8 41. Rh2 g5 0-1

[Event "Jacques Jaudran mem prel2 corr"]
[Site "France AJEC"]
[Date "2000.??.??"]
[Round "?"]
[White "Huilmot, Edith"]
[Black "David, Maurice"]
[Result "0-1"]
[WhiteElo "1826"]
[BlackElo "1900"]
[PlyCount "106"]
[EventDate "2000.11.15"]
[EventType "swiss (corr)"]
[EventRounds "8"]
[EventCountry "FRA"]
[SourceTitle "Corr 2004"]
[Source "ChessBase"]
[SourceDate "2003.04.28"]
[SourceVersion "3"]
[SourceVersionDate "2003.04.28"]
[SourceQuality "1"]

1. e4 e5 2. Nf3 Nc6 3. Bb5 a6 4. Ba4 Nf6 5. Nc3 b5 6. Bb3 Bc5 7. 0-0 0-0 8. d3 h6 9. Bd2 Re8 10. a3 d6 11. Ne2 Bg4 12. Be3 Bxf3 13. gxf3 Ba7 14. Bxa7 Rxa7 15. f4 d5 16. fxe5 Nxe5 17. Ng3 c6 18. Qe2 Nh7 19. f4 Ng6 20. Qf2 Rd7 21. Qc5 Qf6 22. e5 Qe6 23. c3 Qg4 24. Qxc6 Rde7 25. Bxd5 Nxf4 26. Bxf7+ Kxf7 27. Qe4 Kg8 28. Rxf4 Qd7 29. Qd4 Ng5 30. Rf5 Qc6 31. Qg4 Rxe5 32. Rxe5 Rxe5 33. Kf2 Qb6+ 34. d4 Qf6+ 35. Kg1 Re3 36. h4 Nf3+ 37. Kh1 Nxh4 38. Rd1 Qf2 39. Rg1 Qf6 40. Rd1 Qf2 41. Rg1 Qf3+ 42. Qxf3 Rxf3 43. d5 Rd3 44. d6 Rxd6 45. Ne4 Rd3 46. Rg4 Nf5 47. Nc5 Rd1+ 48. Rg1 Rd6 49. Ne4 Rc6 50. Rd1 g5 51. Rd7 g4 52. Kg2 h5 53. Rd5 Ne3+ 0-1